Pestalozzi, su vida y sus ideas /

Guardado en:
Autor Principal: Natorf, Paul
Formato: Libro
Publicado: Barcelona : Labor, 1931
Materias:
Etiquetas: Agregar Etiqueta
Sin Etiquetas, Sea el primero en etiquetar este registro!
LEADER 00462nam a22001695a 4500
001 CEM.cems004629
005 20060217000000.0
008 130507s1931##################000#0#####d
003 CEMS
082 0 4 |a 923 
100 1 |a Natorf, Paul 
245 1 0 |a Pestalozzi, su vida y sus ideas / 
260 |a Barcelona :  |b Labor,  |c 1931 
300 |a 184 p. 
653 |a Biografias 
653 |a Pestalozzi, juan e.-biograf. 
859 |a CEMS  |b BIB. CEMS - 11 de abril  |h 923  |i P439n  |p 10244.81  |t Ej.1